000 00277nam a2200133Ia 4500
008 220613s9999||||xx |||||||||||||| ||und||
100 _aB K Siyenger
245 0 _aLight On Yoga
250 _a1976
260 _bSCHOCKEN BOOKS
300 _a544
650 _aYoga
942 _cGB
999 _c2374
_d2374